[Event "Barranquilla op"]
[Site "Barranquilla"]
[Date "2025.02.26"]
[Round "5"]
[White "Vides Beleno, Mario Sebastian"]
[Black "Perez Peralbo, Samuel Felipe"]
[Result "0-1"]
[WhiteElo "1472"]
[BlackElo "1419"]
[PlyCount "74"]
[EventDate "2025.02.24"]
[EventType "swiss"]
[EventRounds "8"]
[EventCountry "COL"]
[SourceTitle "CB10_2025"]
[SourceDate "2025.03.05"]
[SourceVersion "1"]
[SourceVersionDate "2025.03.05"]
[SourceQuality "1"]

1. e4 e5 2. Nf3 Nc6 3. Nc3 Nf6 4. Bc4 Nxe4 5. Bxf7+ Kxf7 6. Nxe4 Be7 7. d4 exd4 8. Nxd4 d5 9. Nc3 Re8 10. Be3 Bf6 11. 0-0 Kg8 12. Nxc6 bxc6 13. Bd4 Bf5 14. Qd2 Bxd4 15. Qxd4 Bxc2 16. Rfe1 Qd6 17. Re2 Bg6 18. Rae1 Rad8 19. Qxa7 d4 20. Ne4 Bxe4 21. Rxe4 Rxe4 22. Rxe4 d3 23. Re1 d2 24. Rd1 Re8 25. Qa5 Qd3 26. h3 Re2 27. Qb4 c5 28. Qb3+ Qxb3 29. axb3 Re1+ 30. Rxe1 dxe1Q+ 31. Kh2 Qxf2 32. Kh1 Kf7 33. Kh2 Kf6 34. Kh1 Kg5 35. Kh2 Kh4 36. Kh1 Kg3 37. b4 Qf1# 0-1